Filmy Juliusza Machulskiego - Statystyki

Ogólne statystyki
  • Ten quiz został rozwiązany 336 razy
  • Średni wynik to 7 z 18
Statystyki odpowiedzi
Rok Film % Poprawnych
1981 Vabank
79%
1997 Kiler
75%
1999 Kiler-ów 2-óch
71%
1984 Vabank II, czyli riposta
70%
1983 Seksmisja
65%
2004 Vinci
59%
1987 Kingsajz
53%
2017 Volta
40%
2013 AmbaSSada
29%
2008 Ile waży koń trojański?
29%
2010 Kołysanka
24%
2001 Pieniądze to nie wszystko
21%
2003 Superprodukcja
19%
1990 Deja vu
18%
1992 Szwadron
14%
1991 V.I.P.
12%
1995 Girl Guide
10%
1979 Bezpośrednie połączenie
6%
Nie znaleziono quizów pasujących do podanych kryteriów
Rozkład punktacji
Procent ludzi z każdym wynikiem
Percentyl według liczby udzielonych odpowiedzi
Twoja historia wyników
Nie rozwiązałeś tego quizu